"Коммунист" гәзетинин 25 иллиjи hаггында (Запись № 13289354)

Подробности
000 -МАРКЕР
контрольное поле 01302nam0a2200325 4500
001 - ИДЕНТИФИКАТОР ЗАПИСИ
контрольное поле RU\NLR\ONL2\18204
005 - ИДЕНТИФИКАТОР ВЕРСИИ
контрольное поле 20250810064525.0
035 ## - ДРУГИЕ СИСТЕМНЫЕ НОМЕРА
Идентификатор записи (NLR Aleph) 009665789
100 ## - ДАННЫЕ ОБЩЕЙ ОБРАБОТКИ
Данные общей обработки 20100607d1945 u y0rusy50 ca
101 0# - ЯЗЫК РЕСУРСА
Язык текста, звукозаписи и т.д. азербайджанский
102 ## - СТРАНА ПУБЛИКАЦИИ ИЛИ ПРОИЗВОДСТВА
Страна публикации Азербайджан
105 ## - ПОЛЕ КОДИРОВАННЫХ ДАННЫХ: ТЕКСТОВЫЕ МАТЕРИАЛЫ, МОНОГРАФИЧЕСКИЕ
Кодированные данные о монографическом текстовом документе y |||||||||
200 1# - ЗАГЛАВИЕ И СВЕДЕНИЯ ОБ ОТВЕТСТВЕННОСТИ
Основное заглавие "Коммунист" гәзетинин 25 иллиjи hаггында
Сведения, относящиеся к заглавию (1944-ҹү ил. августун 29-да "Коммунист" гәзетинин 25 иллиjинә hәср едилмиш тәнтәнәли jыгынҹагдаки мә'рузә)
Первые сведения об ответственности Р. И. Гулиjев
210 ## - ПУБЛИКАЦИЯ, РАСПРОСТРАНЕНИЕ И ДР.
Место издания, распространения и т.д. Бакы
Имя издателя, распространителя и т. д. Азәрнәшр
Дата издания, распространения и т.д. 1945
215 ## - ФИЗИЧЕСКАЯ ХАРАКТЕРИСТИКА
Специфическое обозначение материала и объем 38 с.
Размеры 19
541 1# - ПЕРЕВОД ЗАГЛАВИЯ, СДЕЛАННЫЙ КАТАЛОГИЗАТОРОМ
Связь между полями z01790
Заглавие 25-летие газеты "Коммунист"
Язык заглавия русский
601 02 - НАИМЕНОВАНИЕ ОРГАНИЗАЦИИ КАК ПРЕДМЕТ
Начальный элемент ввода "Коммунист", газета
Идентифицирующий признак Баку
Системный номер авторитетной/нормативной записи 1352101
Идентификатор авторитетной/нормативной записи RU\NLR\auth\66250158
686 1# - ИНДЕКСЫ ДРУГИХ КЛАССИФИКАЦИЙ
Индекс Ч612.3(2Аз)
700 #1 - ИМЯ ЛИЦА - ПЕРВИЧНАЯ ОТВЕТСТВЕННОСТЬ
Начальный элемент ввода Гулиjев
Часть имени, кроме начального элемента ввода Р. И.
Расширение инициалов личного имени Рза Иса оғлу
Код отношения Автор
790 #1 - ИМЯ ЛИЦА - АЛЬТЕРНАТИВНАЯ ФОРМА
Связь между полями z01541
Начальный элемент ввода Кулиев
Часть имени, кроме начального элемента ввода Р. И.
Расширение инициалов личного имени Рза Иса оглы
Код отношения Автор
801 #0 - ИСТОЧНИК ЗАПИСИ
Страна Российская Федерация
Организация NLR
Дата составления 20100814
Правила каталогизации PSBO
852 ## - МЕСТОНАХОЖДЕНИЕ И ШИФР ХРАНЕНИЯ
Идентификатор организации NLR
Наименование фонда или коллекции (Sub-Location Identifier) ОНЛ
Шифр хранения (Call Number) Азерб./2-3618
942 ## - ДОПОЛНИТЕЛЬНЫЕ ЭЛЕМЕНТЫ ЗАПИСИ (АБИС)
Тип экземпляра АБИС Книга
945 ## - Информацию об издании предоставили:
Полное название организации, предоставившей материал Российская национальная библиотека
980 ## - КОЛЛЕКЦИЯ
Название коллекции Библиография Победы
980 ## - КОЛЛЕКЦИЯ
Название коллекции Каталог книг на языках народов РФ и стран СНГ
980 ## - КОЛЛЕКЦИЯ
Название коллекции Национальная библиография
Экземпляры
Тип экземпляра Дата поступления Библиотека постоянного хранения Библиотека текущего хранения Место хранения Шифр хранения Штрих-код Статус экземпляра
Книга 26.10.2013 РНБ (Московский) РНБ (Московский) Фонд национальных литератур ОНЛ Азерб./2-3618 1-4883040  
Книга 26.03.2025 РНБ (Московский) РНБ (Московский) Фонд национальных литератур, ин. ОНЛ Азерб./2-3618 1-4883039